Философия и стратегия инженерно-технического образования: монография

Dettagli Bibliografici
Autore principale: Московченко А. Д. Александр Дмитриевич
Ente Autore: Томский государственный университет систем управления и радиоэлектроники (ТУСУР)
Riassunto:В XX веке произошло событие космопланетарного масштаба. Естественная биосфера стала стремительно превращаться в техносферу, в искусственный бесприродный технологический мир. Новый мир настолько необычен, что культурологические и антропологические последствия данного превращения еще не скоро будут осмыслены. На смену классической культуре идет культура неклассическая и постнеклассическая, требующая иного видения мира и иного человека. Вместе с тем стре­мительная технологизация, связанная с уничтожением естественной приро­ды, приводит к системной деградации всей земной экосистемы, к глобаль­ной генетической катастрофе, к моральному и духовному опустошению человека.Человечество стоит перед жестким выбором. Или полномасштабный пе­реход на автотрофный технологический сценарий, предложенный русской космической мыслью, который дает возможность продолжить духовную эволюцию человечества, или же дальнейшее технологическое движение с возрастанием робототехнических систем неминуемо связанное с уничтоже­нием естественного человека.Биоавтотрофнокосмологическая тенденция в современной философии, обнаруженная русской космической мыслью, является особенно важной для понимания стратегии инженерно-образовательных систем будущего.Предлагается автотрофный мегапроект решения проблем безопасности и выживания человечества.
Lingua:russo
Pubblicazione: Томск, Изд-во ТУСУР, 2015
Soggetti:
Natura: MixedMaterials Libro
KOHA link:https://koha.lib.tpu.ru/cgi-bin/koha/opac-detail.pl?biblionumber=312702

MARC

LEADER 00000nam0a2200000 4500
001 312702
005 20231102002518.0
010 |a 9785868897085 
035 |a (RuTPU)RU\TPU\book\338072 
090 |a 312702 
100 |a 20151225d2015 k y0rusy50 ca 
101 0 |a rus 
102 |a RU 
105 |a y z 001zy 
200 1 |a Философия и стратегия инженерно-технического образования  |e монография  |f А. Д. Московченко  |g Томский государственный университет систем управления и радиоэлектроники (ТУСУР) 
210 |a Томск  |c Изд-во ТУСУР  |d 2015 
215 |a 220 с. 
320 |a Библиогр.: с. 215-219. 
320 |a Глоссарий: с. 210-214. 
330 |a В XX веке произошло событие космопланетарного масштаба. Естественная биосфера стала стремительно превращаться в техносферу, в искусственный бесприродный технологический мир. Новый мир настолько необычен, что культурологические и антропологические последствия данного превращения еще не скоро будут осмыслены. На смену классической культуре идет культура неклассическая и постнеклассическая, требующая иного видения мира и иного человека. Вместе с тем стре­мительная технологизация, связанная с уничтожением естественной приро­ды, приводит к системной деградации всей земной экосистемы, к глобаль­ной генетической катастрофе, к моральному и духовному опустошению человека.Человечество стоит перед жестким выбором. Или полномасштабный пе­реход на автотрофный технологический сценарий, предложенный русской космической мыслью, который дает возможность продолжить духовную эволюцию человечества, или же дальнейшее технологическое движение с возрастанием робототехнических систем неминуемо связанное с уничтоже­нием естественного человека.Биоавтотрофнокосмологическая тенденция в современной философии, обнаруженная русской космической мыслью, является особенно важной для понимания стратегии инженерно-образовательных систем будущего.Предлагается автотрофный мегапроект решения проблем безопасности и выживания человечества. 
606 1 |a Технические науки  |x Философия  |2 stltpush  |3 (RuTPU)RU\TPU\subj\60068  |9 77558 
610 1 |a инженерно-техническое образование 
610 1 |a философия 
610 1 |a история 
610 1 |a культура 
610 1 |a бытие 
610 1 |a познание 
610 1 |a инженеры 
610 1 |a философская антропология 
610 1 |a человек 
610 1 |a информационно-технологические цивилизации 
610 1 |a логика 
610 1 |a инженерно-техническое творчество 
610 1 |a научные знания 
610 1 |a технические знания 
610 1 |a радиоактивность 
610 1 |a ядерная энергетика 
610 1 |a 21 век 
610 1 |a этика 
610 1 |a философские знания 
610 1 |a инновации 
610 1 |a автотрофное человечество 
610 1 |a Русский космизм 
610 1 |a монографии 
686 |a Ю252  |v LBC/SL-A  |2 rubbk 
700 1 |a Московченко  |b А. Д.  |c российский философ  |c профессор Томского государственного университета систем управления и радиоэлектроники  |f 1944-  |g Александр Дмитриевич  |2 stltpush  |3 (RuTPU)RU\TPU\pers\12798 
712 0 2 |a Томский государственный университет систем управления и радиоэлектроники (ТУСУР)  |c (1997 - )  |2 stltpush  |3 (RuTPU)RU\TPU\col\422 
801 1 |a RU  |b 63413507  |c 20151225 
801 2 |a RU  |b 63413507  |c 20160205  |g RCR 
942 |c BK